01821nam a22003734a 4500001001200000003000800012006001900020007001500039008004100054020001500095040002100110035002100131043001200152050002500164082001800189245018600207260005400393300002500447500015700472500007000629504006400699533015200763650004000915650004400955655002900999700002701028700003201055710008801087710007901175710003301254710001701287856012601304999001701430ebr10126244CaPaEBRm u cr cn|||||||||011011s2002 dcua sb 001 0 eng  z0309072751 aCaPaEBRcCaPaEBR a(OCoLC)560067247 an-us---14aHV1431b.C657 2002eb04a362.7/08322100aCommunity programs to promote youth developmenth[electronic resource] /cCommittee on Community-Level Programs for Youth, Jacquelynne Eccles and Jennifer Appleton Gootman, editors. aWashington, DC :bNational Academy Press,cc2002. axvii, 411 p. :bill. a"Board on Children, Youth, and Families, Division of Behavioral and Social Sciences and Education, National Research Council and Institute of Medicine." a"Division of Behavioral and Social Sciences and Education."--t.p. aIncludes bibliographical references (p. 342-391) and index. aElectronic reproduction.bPalo Alto, Calif. :cebrary,d2013.nAvailable via World Wide Web.nAccess may be limited to ebrary affiliated libraries. 0aYouthxServices forzUnited States. 0aTeenagersxServices forzUnited States. 7aElectronic books.2local1 aEccles, Jacquelynne S.1 aGootman, Jennifer Appleton.2 aNational Research Council (U.S.).bCommittee on Community-Level Programs for Youth.2 aNational Research Council (U.S.).bBoard on Children, Youth, and Families.2 aInstitute of Medicine (U.S.)2 aebrary, Inc.40uhttp://site.ebrary.com/lib/rucke/Doc?id=10126244zAn electronic book accessible through the World Wide Web; click to view c81092d81092